| 000 | 00615nam a22001937a 4500 | ||
|---|---|---|---|
| 003 | OSt | ||
| 005 | 20250710054024.0 | ||
| 008 | 250710b |||||||| |||| 00| 0 eng d | ||
| 020 | _a9789719900085 | ||
| 040 |
_aDWCL - Main lib _cOC |
||
| 082 | _aFil. 001.422 D278a 2011 | ||
| 100 | _aDeauna, Melecio C. | ||
| 245 |
_aApplied educational statistics 1/ _cMelecio C. Deauna |
||
| 260 |
_aQuezon City : _bC & E Publishing, _cc2011. |
||
| 300 |
_axvi, 279 pages : _billustrations ; _c 26 cm. |
||
| 504 | _aIncludes bibliographical references and index. | ||
| 650 | _a1. Statistics. | ||
| 942 |
_2ddc _cBK - FIL _kFil. _n0 |
||
| 999 |
_c3578 _d3578 |
||